01086nam a22002417a 4500008004100000040001800041041000800059100003000067245012400097250001100221260004500232300001800277500010000295610007700395610007700472610011700549650002700666650001900693650001300712650002800725650005800753651003300811130821s1950 ck gr spa  aCo-BoUCMbspa00aspa aMejia y Mejia, Justino C.00aTradiciones y documentosbapuntes relativos a la historia de Nuestra Señora de la LajascJustino C. Mejía y Mejía a4a. ed aBogotá (Colombia)bEditorial Paxc1950 a244 páginas aIncluye bibliografía e índice. -- Este libro se encuentra en el depósito de la biblioteca aSantuario de Nuestra Señora de las Lajas (Ipiales, Nariño, Colombia) aSantuario de Nuestra Señora de las Lajas (Ipiales, Nariño, Colombia) aSantuario de Nuestra Señora de las Lajas (Ipiales, Nariño, Colombia)xHistoriazIpiales (Nariño, Colombia)04aArquitectura religiosa04aArte cristiano04aHistoria04aIglesias (Arquitectura)04aIglesias (Arquitectura)zIpiales (Nariño, Colombia) aIpiales (Nariño, Colombia)